000
00255nam a22001217a 4500
008
170911b xxu||||| |||| 00| 0 eng d
041
_a
eng
080
_a
52
100
_a
42
101
_a
AST
245
_a
HERMETIC ASTROLOGY
_c
POWELL,R
942
_2
udc
_c
BK
999
_c
27035
_d
27035